Sinar di hujung jalan

Bibliographic Details
Main Author: Anjang Ali
Format: Book
Published: Selangor : Penerbitan Orkid , 1996
Series:Siri bacaan remaja
Subjects:

MARC

LEADER 00000cam a2200000 7i4500
001 0000000518
005 20151222.0
008 070702
020 |a 9838914495 
020 |a 9838914533(set) 
090 0 0 |a JF   |b MAL 
100 0 |a Anjang Ali 
245 1 0 |a Sinar di hujung jalan   |c Anjang Ali 
260 |a Selangor :   |b Penerbitan Orkid ,   |c 1996 
440 |a Siri bacaan remaja 
500 |a Children ages 10-12 years old (pink) 
650 0 |a Malay fiction 
999 |a 0000921307   |b Book   |c Children Collection   |e Cawangan Bukit Gambir 
999 |a 0000921308   |b Book   |c Children Collection   |e Cawangan Bukit Gambir 
999 |a 0000921309   |b Book   |c Children Collection   |e Cawangan Bukit Gambir 
999 |a 0000931209   |b Book   |c Children Collection   |e Cawangan Tangkak 
999 |a 0000931210   |b Book   |c Children Collection   |e Cawangan Tangkak 
999 |a 0000931211   |b Book   |c Children Collection   |e Cawangan Tangkak 
999 |a 0000956121   |b Book   |c Children Collection   |e Perbadanan Perpustakaan Awam Johor 
999 |a 0000957482   |b Book   |c Children Collection   |e Perbadanan Perpustakaan Awam Johor 
999 |a 0000957483   |b Book   |c Children Collection   |e Cawangan Segamat 
999 |a 0000957484   |b Book   |c Children Collection   |e Cawangan Sri Merlong